| 000 | 01178nam a2200361 i 4500 | ||
|---|---|---|---|
| 001 | 18838 | ||
| 003 | KOSZ 005 | ||
| 005 | 20200818144606.0 | ||
| 008 | 170322s1979 pl a f 001 0 pol | ||
| 015 | _aPB 1979/9533 | ||
| 020 | _a8320400686 | ||
| 040 |
_aWA N _cWA N _dKOSZ 005/RW _dKOSZ 005/HR |
||
| 046 | _k1979 | ||
| 080 | _a62-135/-136 | ||
| 080 | _a531.3 | ||
| 100 | 1 |
_aŁączkowski, Ryszard _eAutor |
|
| 245 | 1 | 0 |
_aWyważanie elementów wirujących / _cRyszard Łączkowski. |
| 260 |
_aWarszawa : _bWydawnictwa Naukowo-Techniczne, _c1979. |
||
| 300 |
_a365, [3] s. : _bil., tab., wykr. ; _c25 cm. |
||
| 336 |
_2rdacontent _aTekst _btxt |
||
| 337 |
_2rdamedia _aBez urządzenia pośredniczącego _bn |
||
| 338 |
_2rdacarrier _aWolumin _bnc |
||
| 380 | _aKsiążki | ||
| 388 | _a1901-2000 | ||
| 388 | _a1945-1989 | ||
| 504 | _aBibliogr. s. 357-[359]. Indeks. | ||
| 650 | 4 | _aTurbiny | |
| 650 | 4 | _aMechanika | |
| 658 | _aInżynieria i technika | ||
| 710 | 2 |
_aWydawnictwa Naukowo-Techniczne _4pbl. |
|
| 856 |
_uhttp://koha.tu.koszalin.pl/cgi-bin/koha/opac-detail.pl?biblionumber=18838 _yKatalog online BPK |
||
| 942 |
_2UKD _cKS |
||
| 999 |
_c18838 _d18838 |
||